Zákon o kolektívnom investovaní

Kolektívne investovanie - pojem. Novela zákona o kolektívnom investovaní - zákon č. 213/2006 Z.z., ktorým sa mení a dopĺňa zákon č. 594/2003 Z.z. o kolektívnom investovaní a o zmene a doplnení niektorých zákonov v znení neskorších predpisov. Najvýznamnejšie zmeny a nové úpravy. Zmena zákona o cennýc...

Ausführliche Beschreibung

Gespeichert in:
Bibliographische Detailangaben
1. Verfasser: Bartl, Jaroslav
Format: Buchkapitel
Sprache:Slowakisch
Schlagworte:
Tags: Tag hinzufügen
Keine Tags, Fügen Sie das erste Tag hinzu!

MARC

LEADER 00000naa$a2200000$$$4500
001 0048260
005 20231116125203.0
041 0 |a slo 
044 |a SK 
245 1 0 |a Zákon o kolektívnom investovaní  |c Jaroslav Bartl 
520 |a Kolektívne investovanie - pojem. Novela zákona o kolektívnom investovaní - zákon č. 213/2006 Z.z., ktorým sa mení a dopĺňa zákon č. 594/2003 Z.z. o kolektívnom investovaní a o zmene a doplnení niektorých zákonov v znení neskorších predpisov. Najvýznamnejšie zmeny a nové úpravy. Zmena zákona o cenných papieroch. 
610 2 0 |a investovanie kolektívne 
610 2 0 |a zákony 
610 2 0 |a novelizácia 
610 2 0 |a Slovensko 
610 2 0 |a papiere cenné 
100 1 |a Bartl, Jaroslav